Economics, Management, Finance and Social Attributtes of Economic System (EMFSA 2024) Proceedings of the 9th International Scientific Conference, July, 5-8, 2024, Portorož, Grand Hotel Bernardin
Saved in:
| Corporate Author: | |
|---|---|
| Other Authors: | , |
| Format: | Book |
| Language: | English |
| Published: |
Považská Bystrica
BCSS
2024
|
| Edition: | 1st Edition |
| Subjects: | |
| Tags: |
No Tags, Be the first to tag this record!
|
MARC
| LEADER | 00000nlm a2200000 4500 | ||
|---|---|---|---|
| 001 | 0303002 | ||
| 005 | 20240709092553.7 | ||
| 020 | |a 978-80-973642-6-7 | ||
| 041 | 0 | |a eng | |
| 044 | |a SK | ||
| 245 | 1 | 0 | |a Economics, Management, Finance and Social Attributtes of Economic System (EMFSA 2024) |b Proceedings of the 9th International Scientific Conference, July, 5-8, 2024, Portorož, Grand Hotel Bernardin |c Reviewers: Jaroslav Belás, Andrea Bencsik ... [et al.] |
| 250 | |a 1st Edition | ||
| 264 | 1 | |a Považská Bystrica |b BCSS |c 2024 | |
| 300 | |a 183 s. | ||
| 610 | 2 | 0 | |a ekonómia |
| 610 | 2 | 0 | |a manažment |
| 610 | 2 | 0 | |a financie |
| 610 | 2 | 0 | |a systémy ekonomické |
| 610 | 2 | 0 | |a javy sociálne |
| 700 | 1 | |a Belás, Jaroslav | |
| 700 | 1 | |a Bencsik, Andrea | |
| 110 | 2 | |a Economics, Management, Finance and Social Attributtes of Economic System 2024. International Scientific Conference | |